La araucana
Uloženo v:
| Hlavní autor: | |
|---|---|
| Médium: | Kniha |
| Jazyk: | španělština |
| Vydáno: |
Ciudad de México
Espasa-Calpe Mexicana
1978
|
| Vydání: | 7a. ed |
| Edice: | Colección austral, 722
|
| Témata: | |
| Tagy: |
Přidat tag
Žádné tagy, Buďte první, kdo vytvoří štítek k tomuto záznamu!
|
MARC
| LEADER | 00000nam a2200000 a 4500 | ||
|---|---|---|---|
| 001 | UCZ0195 | ||
| 003 | CL-VaPUC | ||
| 008 | 950724e19780510MX |||||||||||||||||spa|d | ||
| 082 | 0 | 4 | |a 861 |b ERC |2 21 |
| 100 | |a Ercilla y Zúñiga, Alonso de |e autor |9 267605 | ||
| 245 | 1 | 3 | |a La araucana |
| 250 | |a 7a. ed | ||
| 300 | |a 157 p | ||
| 942 | |c BK | ||
| 945 | |d 19950724 00:00:00 |a lriquelm | ||
| 260 | |a Ciudad de México |b Espasa-Calpe Mexicana |c 1978 | ||
| 650 | 0 | |a Poesía épica |9 269163 | |
| 650 | 0 | |a Poesía épica española |9 268761 | |
| 650 | 0 | |a Formas y géneros literarios |9 324031 | |
| 583 | |a last modification |c 19950724 00:00:00 |k Rodrigo Vera | ||
| 490 | 0 | |a Colección austral, 722 | |
| 999 | |c 237157 |d 237155 | ||
| 952 | |0 0 |1 0 |4 0 |6 861_000000000000000_ERC_1978 |7 0 |8 A |9 245986 |a BIBEDU |b BIBEDU |d 2019-11-18 |i 154117K |o 861 ERC 1978 |p 154117K |r 2019-11-18 |w 2019-11-18 |y BK |k EDU | ||